1905 1447 1865 1165 1016 1194 1661 1436 1310 1542 1273 1294 1083 1700 1013 1546 1141 1453 1917 1758 1440 1163 1933 1673 1006 1800 1569 1715 1725 1673 1973 1656 1211 1119 1727 1060 1829 1268 1823 1004 1156 1109 1900 1377 1238 1361 1268 1324 1126 1607 1321 1020 1891 1912 1229 1543 1721 1110 1476 1243 1537 1924 1622 1285 1693 1601 1559 1164 1910 1163 1992 1525 1358 1331 1122 1548 1179 1465 1721 1548 1642 1428 1771 1651 1668 1820 1521 1371 1980 1714 1276 1763 1734 1256 1979 1869 1954 1822 1889 BCNSPRNW ULIB Ver.6.0+V

เปลี่ยนเป็นภาษาไทย

Change to English
 แสดงรายละเอียดบรรณานุกรม
  กลับหน้าหลัก

Brief Record : Get Marc (ISO 2709) : E-mail record : QR code < ปิดหน้าต่าง
LEADER : 00000nam 2200000uu 4500
001    13399128734
003     ULIB
008    240826s2565||||th 000 0 tha d
020    ^a9786168032183
110 0  ^aสมาคมโรคไตแห่งประเทศไทย
245 00 ^aแนวทางการรักษาผู้ป่วยโรคไตเรื้อรังที่มีความผิดปกติของสมดุลแร่ธาตุ และกระดูก ปี2565/^cสมาคมโรคไตแห่งประเทศไทย
260    ^aกรุงเทพฯ:^bผู้แต่ง,^c2565
650  0 ^aโรคไต
650  0 ^aโรคไต -- การดูแลรักษา
945    ^p200^l0^i30183
945    ^p200^l0^i30184
999    ^aกัณชพร จุลอักษร
รายการนี้ยังไม่มีแท็ก
คุณยังไม่ได้ล็อกอิน คุณสามารถมีกิจกรรมร่วมกับเว็บไซต์ได้ แต่ต้องล็อกอินก่อน ::
  ล็อกอิน

รายการสื่อสารสนเทศ

ลำดับที่ ประเภท เลขเรียก/บาร์โค้ด สถานที่ สถานะ
1. หนังสือสำรอง
หนังสือสำรอง
 ฉ.1 
  Barcode: 30183
ห้องสมุดวิทยาเขตนครสวรรค์
►หนังสือทั่วไป:l:General Books
ถูกยืม กำหนดส่งวันที่ 15 พฤษภาคม 2569
  จอง
2. วิทยาศาสตร์การแพทย์ และสุขภาพ
วิทยาศาสตร์การแพทย์ และสุขภาพ
 ฉ.2 
  Barcode: 30184
ห้องสมุดวิทยาเขตนครสวรรค์
►หนังสือทั่วไป:l:General Books
บนชั้น

รายการใกล้เคียง
    หัวเรื่อง [โรคไต]
    หัวเรื่อง [โรคไต -- การดูแลรักษา]

BibComment


ยังไม่เคยถูกคอมเมนท์

คอมเมนท์ทรัพยากรรายการนี้
  คอมเมนท์: แนวทางการรักษาผู..


 Copyright 2026. Bcnsprnw @Library